Peranan ibu bapa

Bibliographic Details
Main Author: Junaidah Salehudin
Format: Book
Published: Shah Alam : Eagle publications sdn.bhd. , 2007
Series:Siri bahaya dadah
Subjects:

MARC

LEADER 00000cam a2200000 7i4500
001 0000061323
005 20160921.0
008 160314
020 |a 9789833537242(set) 
020 |a 9789833537327 
090 0 0 |a 362.29   |b JUN 
100 1 |a Junaidah Salehudin 
245 1 2 |a Peranan ibu bapa   |c Junaidah Salehudin;Maruwiah Ahmat;Rosnani Rifin 
260 |a Shah Alam :   |b Eagle publications sdn.bhd. ,   |c 2007 
490 1 |a Siri bahaya dadah 
650 0 |a Drug abuse--prevention--juvenile literature 
999 |a 0001134748   |b Book   |c Adult Collection   |e Cawangan Tangkak 
999 |a 0001134749   |b Book   |c Adult Collection   |e Cawangan Pontian 
999 |a 0001134781   |b Book   |c Adult Collection   |e Cawangan Tmn. Ungku Tun Aminah 
999 |a 0001134782   |b Book   |c Adult Collection   |e Cawangan Segamat